| 000 | 00924cam a22002777i 4500 | ||
|---|---|---|---|
| 999 |
_c2572 _d2572 |
||
| 001 | 18507471 | ||
| 003 | OSt | ||
| 005 | 20230721084051.0 | ||
| 008 | 150226s2013 enka 001 0 eng | ||
| 010 | _a 2014434346 | ||
| 020 | _a9780198390244 (paperback) | ||
| 040 |
_aDLC _beng _cDLC _erda _dKH8 |
||
| 082 | _a530 REY | ||
| 100 | 1 |
_aReynolds, Helen, _d1963- _eauthor. |
|
| 245 | 1 | 0 |
_aComplete physics for Cambridge Secondary 1 / _cHelen Reynolds. |
| 264 | 1 |
_aOxford : _bOxford University Press, _c2013. |
|
| 300 |
_a255 pages : _billustrations (color) ; _c28 cm. |
||
| 336 |
_atext _2rdacontent |
||
| 337 |
_aunmediated _2rdamedia |
||
| 338 |
_avolume _2rdacarrier |
||
| 490 | 0 | _aCambridge checkpoint and beyond | |
| 500 | _a"Endorsed by Cambridge International Examinations". | ||
| 650 | 0 | _aPhysics. | |
| 710 | 2 |
_aUniversity of Cambridge. _bLocal Examinations Syndicate. _bInternational Examinations. |
|
| 942 |
_2ddc _cTR |
||